Statistics for The United States... or the United Kingdom?

Click here to take the quiz!

General Stats

  • This quiz has been taken 56,975 times
    (56,400 since last reset)
  • The average score is 11 of 15

Answer Stats

QuestionAnswer% Correct
Has a red, white, and blue flagBoth
96%
Has a President as its head of stateUnited States
96%
Has a higher murder rateUnited States
95%
Is the birthplace of Daniel RadcliffeUnited Kingdom
94%
Is part of NATOBoth
88%
Has a higher population densityUnited Kingdom
84%
Drinks more alcohol per capitaUnited Kingdom
80%
Judges and lawyers commonly wear wigs in courtUnited Kingdom
74%
Paper money comes in different sizesUnited Kingdom
72%
Has a higher GDP per capitaUnited States
68%
Eggs are typically refrigerated in the grocery storeUnited States
68%
More than 10% of residents were born in a different countryBoth
61%
Has the higher average latitude of the twoUnited Kingdom
61%
More than 20% of adults are obeseBoth
44%
Road signs mostly use miles, not kilometersBoth
39%

Score Distribution

Percentile by Number Answered

Percent of People with Each Score

Your Score History

You have not taken this quiz since the last reset